Вопросы расчета, создания и исследования высокочастотной ускоряющей систем синхротрона на 1,5 ГЭВ: диссертация на соискание ученой степени кандидата технических наук

Dettagli Bibliografici
Autore principale: Лашук Н. А.
Ente Autore: Томский политехнический институт (ТПИ)
Altri autori: Солнцев Б. А. (научный руководитель), Чучалин И. П. Иван Петрович
Lingua:russo
Pubblicazione: Томск, [Б. и.], 1967
Soggetti:
Natura: Libro
KOHA link:https://koha.lib.tpu.ru/cgi-bin/koha/opac-detail.pl?biblionumber=143001

MARC

LEADER 00000nbm0a2200000 4500
001 143001
005 20231031142933.0
035 |a (RuTPU)RU\TPU\book\154962 
090 |a 143001 
100 |a 20080915d1967 k y0rusy50 ca 
101 0 |a rus 
102 |a RU 
105 |a a m 001zy 
200 1 |a Вопросы расчета, создания и исследования высокочастотной ускоряющей систем синхротрона на 1,5 ГЭВ  |e диссертация на соискание ученой степени кандидата технических наук  |f Н. А. Лашук  |g Томский политехнический институт (ТПИ) ; науч. рук. Б. А. Солнцев , И. П. Чучалин 
210 |a Томск  |c [Б. и.]  |d 1967 
215 |a 194 л.  |c ил. 
320 |a Библиогр.: с. 181 - 191 ( 165 назв.) 
610 1 |a синхротроны 
610 1 |a ускоряющая система 
610 1 |a высокочастотная система 
610 1 |a расчет 
610 1 |a создание 
610 1 |a параметры 
610 1 |a ускоряющие устройства 
610 1 |a резонаторы 
610 1 |a напряжение 
610 1 |a переходные процессы 
610 1 |a выпрямители 
610 1 |a генераторы 
610 1 |a усилители 
610 1 |a питание 
610 1 |a исследование 
610 1 |a диссертации 
610 1 |a труды учёных ТПУ 
675 |a 539.1.076.612(04)  |v 3 
700 1 |a Лашук  |b Н. А. 
702 1 |a Солнцев  |b Б. А.  |4 727 
702 1 |a Чучалин  |b И. П.  |c физик  |c ректор Томского института автоматизированных систем управления и радиоэлектроники (ТИАСУР), 1972-1981  |c ректор Томского политехнического института (ТПИ), 1981-1990  |c выпускник ФТФ ТПИ 1951 г.  |f 1925-  |g Иван Петрович  |2 stltpush  |3 (RuTPU)RU\TPU\pers\11823  |4 727 
712 0 2 |a Томский политехнический институт (ТПИ)  |c (1944-1991)  |2 stltpush  |3 (RuTPU)RU\TPU\col\1123 
801 1 |a RU  |b 63413507  |c 20080915  |g PSBO 
801 2 |a RU  |b 63413507  |c 20220208  |g RCR 
942 |c BK